Correspondencia
Saved in:
| Hovedforfatter: | |
|---|---|
| Andre forfattere: | |
| Format: | Bog |
| Sprog: | spansk |
| Udgivet: |
Buenos Aires
Espasa-Calpe
1947
|
| Serier: | Colección Austral, 763
|
| Fag: | |
| Tags: |
Tilføj Tag
Ingen Tags, Vær først til at tagge denne postø!
|
MARC
| LEADER | 00000nam a2200000 a 4500 | ||
|---|---|---|---|
| 001 | UCN2385 | ||
| 003 | CL-VaPUC | ||
| 005 | 20231110124735.0 | ||
| 008 | 010518e19470000AG |||||||||||||||||spa|d | ||
| 999 | |c 295488 |d 295486 | ||
| 040 | |c Pontificia Universidad Católica de Valparaíso | ||
| 082 | 0 | 4 | |a 780.0808 |b WAG |2 21 |
| 100 | |a Wagner, Wilhelm Richard |e author |9 265759 | ||
| 245 | 1 | 0 | |a Correspondencia |
| 260 | |a Buenos Aires |b Espasa-Calpe |c 1947 | ||
| 300 | |a 152 p | ||
| 490 | 0 | |a Colección Austral, 763 | |
| 583 | |a last modification |c 20010518 00:00:00 |k Rodrigo Vera | ||
| 650 | 0 | |a Compositores alemanes |9 324765 | |
| 650 | 0 | |a Compositores húngaros |9 456630 | |
| 650 | 0 | |a Correspondencia |9 258963 | |
| 700 | |a Liszt, Franz |e autor |9 860768 | ||
| 942 | |c BK |2 ddc | ||
| 945 | |d 20010518 00:00:00 |a crobeson | ||